[Event "Olympiad-36"]
[Site "Mallorca"]
[Date "2004.10.27"]
[Round "12"]
[White "Svidler, Peter"]
[Black "Izoria, Zviad"]
[Result "1/2-1/2"]
[WhiteElo "2735"]
[BlackElo "2600"]
[Annotator "Lukacs,P"]
[PlyCount "85"]
[EventDate "2004.10.15"]
[EventType "team-swiss"]
[EventRounds "14"]
[EventCountry "ESP"]
[SourceTitle "CBM 104"]
[Source "ChessBase"]
[SourceDate "2005.01.27"]
[SourceVersion "1"]
[SourceVersionDate "2005.01.27"]
[SourceQuality "1"]
[WhiteTeam "Russia"]
[BlackTeam "Georgia"]
[WhiteTeamCountry "RUS"]
[BlackTeamCountry "GEO"]

1. e4 c6 2. d4 d5 3. Nd2 dxe4 4. Nxe4 Bf5 5. Ng3 Bg6 6. Bc4 e6 7. N1e2 Bb4+ $6
{Black wants to provoke a "weakness", but it may even help for White.} (7...
Bd6 8. h4 h6 9. Nf4 Bxf4 (9... Ne7 {- Rublevsky-Dreev, Presidents Cup 1997 CBM
65}) 10. Bxf4 {In this variation White gets the ^^, but it has no real
importance.} Nf6 11. Qd2 (11. Qe2 $5 Nd5 $5 ({accepting the P sacrifice by} 
11... Qxd4 $6 {requires good nerves.} 12. Be5 Qd8 (12... Qc5 13. O-O-O Bxc2 {
Black is really hungry for pawns...} 14. Bd6 Bxd1 15. Rxd1 Qa5 16. Bxe6 $1 {
This is the punishment for Black's greedy play.} fxe6 17. Qxe6+ Kd8 18. Bb4+
Qd5 19. Be7+ Kc7 20. Bd6+ Kb6 21. Qe3+ Ka6 22. Rxd5 Nxd5 23. Qa3+ $16 {
Kosteniuk-Susilodonata, Jakarta JAPFA 2002}) 13. Rd1 $44 {- Fressinet-Bareev,
Enghlen les Blans 2001 CBM 83}) (11... O-O 12. h5 Bh7 13. O-O-O Nbd7 (13... b5
$6 {Black wants to build up a stronghold on d5, but also weakens his <<.} 14.
Bd3 Bxd3 15. Rxd3 Qd5 16. Kb1 Nbd7 17. f3 Rfc8 (17... c5 18. dxc5 Qc6 19. Qd2
Rfc8 20. b4 $1 {White doesn't want to give up his strong o^.} a5 21. Bxh6 $1 {
It's time for a devastating ->!} gxh6 22. Qxh6 axb4 23. Ne4 Qa6 24. a3 {
and Black has no mating threats.} e5 25. Nd6 Rxc5 26. Nf5 {1-0 Aronian-Izoria,
Wch U20 Athens 2001}) 18. Ne4 Nxh5 19. Bd2 Nhf6 20. g4 {Black has won a P, but
this only helps for White's ->.} Nh7 21. Qh2 Ndf8 22. Bxh6 $1 gxh6 23. Qxh6 Qd8
24. g5 $18 {with an irresistable ->, Kveinys-Eliet, Capelle la Grande 2002.})
14. Kb1 (14. f3 b5 15. Bd3 $5 (15. Bb3 {The B is not well-placed here.} a5 16.
a3 Qb6 17. Bd6 Rfc8 18. Ne4 Nxe4 19. fxe4 c5 20. dxc5 Nxc5 $13 {Tiviakov-Anand,
Corsica Masters rapid 2001})) 14... Qa5 15. f3 {/\ Ne4} b5 16. Bd3 Bxd3 17.
Rxd3 c5 18. Bd6 Rfc8 19. dxc5 Nxc5 20. Bxc5 Rxc5 21. Ne4 Nxe4 22. Qxe4 $14 {
and White has a firm control over the d <->, his Q is centralized,
Kveinys-Abdulla, Bled ol (Men) 2002.}) (11... Nbd7 12. O-O-O (12. h5 Bh7 13.
O-O-O Nd5 14. Bd2 N7f6 (14... Qc7) 15. Bd3 {- Rublevsky-Burmakin, RUS-ch St
Petersburg 1998 CBM 67} (15. f3 Nb6 16. Bb3 a5 17. a3 O-O 18. Kb1 Re8 $11 {
Ciuksyte-Burmakin, Zurich 2002}) 15... Bxd3 16. Qxd3) 12... Nd5 {-
Rublevsky-Burmakin, RUS-ch St Petersburg 1998 CBM 67} (12... O-O 13. Bd3 Bxd3
14. Rxd3 Qa5 15. Kb1 Rfe8 {1/2:1/2 Rublevsky-Dreev, FIDE World Cup-B Hyderabad
2002})) (11... b5 12. Bd3 (12. Bb3 {The B has no future on this /^.} O-O 13. c3
Nd5 14. Be5 Nd7 15. Rd1 N7b6 16. Qg4 Nf6 17. Qf3 Nfd5 18. Qg4 Nf6 19. Bxf6 Qxf6
20. Ne4 Qe7 21. O-O a5 $11 {Landa-Kallai, FRA-chT Epinal 2002}) 12... Bxd3 13.
Qxd3 Nbd7 14. O-O-O Nb6 15. Be5 Nbd5 16. Kb1 O-O 17. Ne2 Nh7 18. g4 f6 19. Bg3
Re8 20. f4 {White has some attacking chances on the >>.} Nf8 21. Qf3 $14 {
Fressinet-Theon, FRA-chT France 2002}) 12. Bd2 {This allows} Bxc2 13. Nh5 Kf8
14. Rh3 Bg6 15. Nf4 Nxf4 16. Bxf4 h5 {White's attacking chances are fairly
problematic.} 17. O-O-O Nd7 18. Rg3 Bf5 19. Rg5 Nb6 20. f3 f6 21. Rxf5 exf5 22.
Bb3 Qd7 $17 {Kovalevskaya-Chiburdanidze, Bled ol (Women) 2002}) (11. h5 Bh7 12.
c3 (12. Qd2 Nbd7 (12... O-O {- 11.Qd2}) 13. O-O-O Nd5 $11) (12. Qe2 Nbd7 {
- 11.Qe2}) (12. O-O Nbd7 13. Bb3 O-O 14. Re1 Qb6 15. c4 {White has permanent
problems with his bad light-squared B.} c5 16. d5 exd5 17. cxd5 Qb4 18. Qd2
Qxd2 19. Bxd2 {1/2:1/2 Short-Svidler, Santo Domingo 2002}) (12. Bb3 O-O 13. c4
c5 14. dxc5 Na6 15. O-O Nxc5 16. Qf3 Qd3 $1 17. Bd1 $1 Qxc4 18. Bxh6 {
(Glek-Tukmakov, Zurich 1998)} Qh4 $1 19. Be3 Rac8 20. Rc1 b6 $13 {Tukmakov})
12... Nbd7 13. Qf3 O-O 14. O-O b5 15. Bd3 Bxd3 16. Qxd3 a6 17. Rad1 Nd5 {
The blockade on the light squares svaes Black from any inconveniences.} 18. Bd6
Re8 19. Rfe1 N7f6 20. Be5 Ng4 $11 {Bellini-Zelcic, Mitropa Cup Baden 1999})
11... Nbd7 {is a logical developing move keeping the position as flexible as
possible.} (11... Nd5 $6 12. Ne2 {White wants to take back on f4 by the N with
a tempo.} (12. O-O-O Nxf4 13. Qxf4 O-O 14. Qg4 Qf6 15. Ne4 Qe7 16. Nc5 Bf5 $5 (
16... Nd7 17. Nxd7 (17. Nxe6 Nf6 18. Qg3 Ne4 19. Qc7 Qxc7 20. Nxc7 Rac8 21. Ne6
fxe6 22. Bxe6+ Bf7 23. Bxc8 Rxc8 $11) 17... Qxd7 18. Rhe1 $14 {and at least
the freeing moves c5 and e5 is prevented for a while.}) 17. Qf3 b6 18. Nd3 Nd7
19. g4 Bh7 20. Qxc6 Rac8 21. Qb5 Be4 22. Rh3 Bc6 23. Qb4 Qxb4 24. Nxb4 Bg2 25.
Rc3 Nf6 $44 {Madl-Peredy, Balatonbereny op 1995}) (12. Be5 $5 O-O 13. h5 Bh7
14. O-O-O Nd7) 12... Nd7 (12... Nxf4 13. Nxf4 $16) 13. O-O-O b5 14. Bd3 (14.
Bb3) 14... Bxd3 15. Qxd3 Nxf4 (15... O-O {runs into} 16. Bd6 Re8 17. g4 $1 {
with attacking chances for White on the >>, e.g.:} N7f6 18. Be5 Nxg4 19. Bxg7
Kxg7 (19... Nxf2 20. Qf3 Kxg7 21. Rhg1+ Kh8 22. Qxf2 $44) 20. Rdg1 h5 21. f3
Qa5 22. Kb1 $40) 16. Nxf4 O-O (16... Qc7 $6 {Black wants to wait with the
decision about his K.} 17. Qf3 O-O 18. g4 $1 {With opposite castled kings
White begins the P -> on the >>, Sadvakasov-Kortschnoj, Astana 2003 CBM 93.} (
18. Nh5 $14)) 17. Qf3 Rc8 (17... Qc7 {- 16...Qc7}) 18. Kb1 $14) (11... O-O 12.
h5 Bh7 13. O-O-O Nd5 14. Ne2 Nd7 15. Kb1 N7b6 16. Bd3 Bxd3 17. Qxd3 Nxf4 18.
Nxf4 Qf6 19. Qe4 Rfd8 20. g3 a5 $11 {Jakubowski-Gyimesi, Capella la Grande 2002
}) 12. Bd3 (12. Bb3 Qe7 (12... a5 $5) 13. O-O-O Nd5 14. Ne2 O-O 15. Rh3 Bf5 16.
Rg3 Nxf4 17. Qxf4 Kh8 18. Re3 Bh7 19. Qc7 Rab8 20. g4 Rfc8 21. Qf4 c5 22. d5 c4
23. Bxc4 e5 24. Bb3 Qc5 25. Qxf7 {1/2:1/2 Grigoriants-Riazantsev, RUS-ch U20
Vladimir 2002}) (12. O-O-O Nb6 (12... Nd5 {White cannot save his B.} 13. Rde1
N7b6 (13... Nxf4 14. Qxf4 Nf6 {is simple and good.} 15. Kb1 O-O 16. Qe5 b5 17.
Be2 Qa5 18. Rd1 Rfd8 $13 {Masternak-Grabarczyk, Katowicze op 1995}) 14. Bb3
Nxf4 15. Qxf4 Nd5 16. Qe5 O-O (16... Qf6 17. Ne4 Bxe4 18. Qxe4 Qxf2 {This is
rather risky!} 19. Rhf1 Qg3 20. Rxf7 $1 Qxe1+ 21. Qxe1 Kxf7 22. Qf2+ Nf6 23. g4
g5 24. Qf5 Rae8 25. h5 $14 {Markowski-Grabarczyk, POL-ch 1993}) 17. Ne4 Qb8 18.
Nd6 Rd8 19. Nc4 Nb6 20. Qxb8 Raxb8 21. Ne5 Bh7 22. Rh3 Nd7 $11 {Tal-Botvinnik,
World Championship 1960}) 13. Bb3 a5 $13) 12... Bxd3 13. Qxd3 {but now White's
whole strategy keeping the ^^ fails.} Qa5+ (13... O-O 14. O-O-O $14) 14. Bd2
Qd5 $1 15. c4 Ne5 $1 (15... Qxg2 {- Leko-Anand, Madrid Magistral 1998 CBM 65})
16. cxd5 Nxd3+ 17. Ke2 Nxb2 {-Landa-Groszpeter, EUCup Halkidiki 2002 CBM 92}
18. dxe6 (18. Rab1 Nc4 19. dxe6 b5 20. a4 a6 21. exf7+ Kxf7 $11) 18... Nc4 $11)
8. c3 Bd6 9. h4 h6 10. Nf4 Bxf4 11. Bxf4 Nf6 12. h5 (12. Qe2 $142 {/\ 0-0-0
making profit from the extra c3.}) 12... Bh7 13. O-O ({Still the previous plan
was required with 0-0-0 by} 13. Qf3 $142 O-O 14. O-O-O $14) 13... O-O 14. Bb3
a5 15. c4 $6 {In fact this is the way how White can lose control over >< d5
and the light squares on the <<.} (15. Re1 Nbd7 16. Qf3 a4 17. Bc4 b5 18. Bf1 {
was the quiet plan, although Black is strong enough to control the light
squares on the <<.}) 15... b5 $1 {[%mdl 32] This is the point!} (15... Nbd7 16.
c5 $14) 16. a3 (16. cxb5 cxb5 $13) 16... a4 17. Ba2 bxc4 18. Bxc4 Nd5 19. Bxd5
(19. Be5 Nd7 $13) 19... Qxd5 {Black has a strong blockading position on the
light squares, the ^- helps also for him.} (19... cxd5 20. Qg4 $1 (20. Rc1 Nd7)
20... Nc6 21. Bxh6 Qf6 22. Be3 $14) 20. Qg4 $6 (20. Re1 Nd7 21. Rc1 Rfc8 {/\ c5
}) 20... Kh8 ({missing the concrete} 20... Qxd4 $1 21. Rad1 Qxb2 22. Bxh6 f5
23. Qg5 Qb7 $1 (23... Qf6 24. Qxf6 Rxf6 25. Bf4 $14) 24. Rd8 (24. Rfe1 Kh8)
24... Na6 $17 {and White's -> is beaten back.}) 21. Be5 f6 (21... Rg8 22. Rfe1)
22. Bf4 Nd7 23. Rfe1 Rfe8 24. Rad1 Nb6 25. Nf1 Qf5 $6 {The _|_ is not so good
as it looks like at first sight.} (25... Nc4 $11) 26. Qxf5 Bxf5 27. Rc1 Rac8
28. Rc5 (28. Ne3 Bd3 (28... Nd5 $2 29. Nxf5 Nxf4 (29... exf5 30. Rxe8+ Rxe8 31.
Bd6 $14) 30. Nd6 Nd3 31. Nxc8 Rxc8 32. Kf1 Nxc1 33. Rxc1 Kg8 34. Rc4 $16) 29.
Rc3 (29. Bd6 Nd5 $11) 29... Bb5 30. Bd6 Nd5 $11) (28. Bd6 $1 Red8 $1 (28... Nd5
29. Rc4 Red8 30. Bg3 $14 {and the weakness of a4 and c6 begins to tell.}) 29.
Bc5 (29. Bg3 $2 Rxd4) 29... Nd5 30. Ng3 (30. Rc4 Ra8) 30... Ra8 31. Nxf5 exf5
32. Rc4 $14 {with a somewhat better P structure for White.}) 28... Bd3 (28...
Red8 $11) 29. Nd2 Nd5 30. Bg3 Kg8 31. Rec1 Ne7 $1 (31... Bb5 32. Nc4 $16) 32.
Nc4 Nf5 $1 (32... Bxc4 33. R1xc4 {and Black's weak pawns are hanging.} Nf5 34.
Rxa4 Red8 35. Rcc4 $16) 33. Nb6 $2 {White pushes it too hard, the N goes
astray.} (33. Rc3 Be4 34. Rxf5 exf5 35. Nd6 Bd5 36. f3 $11 {was totally
drawish in view of the ^-.}) 33... Rcd8 $15 34. Bc7 Rxd4 ({missing the nice
positional exchange sacrifice} 34... Nxd4 $1 35. Bxd8 Rxd8 36. Kh2 Bb5 $1 (
36... Nb3 37. Nxa4 Bb5 38. Nb6 Nxc5 39. Rxc5 Rb8 40. Nc4 Bxc4 41. Rxc4 Rxb2 42.
Rxc6 $11) 37. Re1 e5 $44 {with a very good compensation for the sacrificed
material.}) 35. Rxc6 Be2 (35... e5 36. R6c5 Be2 37. f3 Kf7 38. Kf2 Ba6 39. Rd5
(39. Ra5 Rd2+ 40. Kg1 Nd4) 39... Rxd5 40. Nxd5 Bb5 41. Bb6 $11) 36. f3 Bd1 (
36... e5 37. R6c5 Kf7 38. Rd5 Rxd5 39. Nxd5 Nd4 40. Kf2 Ke6 41. Nc3 $11) 37.
R6c4 Bb3 38. Rxd4 Nxd4 39. Rc5 e5 {It is only Black who can play, because he
can still mobilize his pawns.} 40. Bd6 Nf5 (40... Rd8 41. Rc8 Rxc8 42. Nxc8 Kf7
$15 {and only Black can be a bit better.}) 41. Bc7 Nd4 42. Bd6 Nf5 43. Bc7 {
draw by repetition of moves.} 1/2-1/2

[Event "Petrosian Memorial Internet"]
[Site "ICC INT"]
[Date "2004.12.20"]
[Round "3"]
[White "Svidler, Peter"]
[Black "Lautier, Joel"]
[Result "1-0"]
[WhiteElo "2735"]
[BlackElo "2682"]
[Annotator "Finkel,A"]
[PlyCount "91"]
[EventDate "2004.12.18"]
[EventType "team"]
[EventRounds "6"]
[EventCountry "USA"]
[SourceTitle "CBM 105"]
[Source "ChessBase"]
[SourceDate "2005.04.11"]
[SourceVersion "1"]
[SourceVersionDate "2005.04.11"]
[SourceQuality "1"]

1. e4 c5 2. Nf3 Nc6 3. Bb5 g6 4. O-O Bg7 5. c3 Nf6 6. Qa4 O-O (6... Qb6 $5 7.
Re1 O-O 8. h3 Rd8 9. Na3 d6 10. Nc4 Qc7 11. Bxc6 bxc6 12. e5 Nd5 13. d4 cxd4
14. Nxd4 dxe5 15. Nf3 f6 $17 {Totsky,L-Yakovich,Y/RUS-Cup4 1997/CBM 58/0-1 (43)
}) 7. d4 ({Very serious attention deserved} 7. e5 $5 Nd5 8. Re1 Nc7 9. Bxc6
dxc6 10. Qh4 Ne6 11. d4 cxd4 12. cxd4 c5 13. dxc5 Nxc5 14. Nc3 $36 {
Skripchenko,A-Mira,H/Mallorca 2004}) 7... cxd4 8. cxd4 d6 {Instead of
accepting white's pawn sacrifice black offers a one of his own.} (8... Nxe4 $5
9. d5 Nc5 10. Qa3 $1 $36 (10. Qc2 Qb6 11. Nc3 Nb4 12. Qe2 d6 13. a3 Nba6 14.
Be3 Bg4 15. Rac1 Qd8 $13 {Odeev,H-Svidler,P/Moscow 1994}) 10... Qb6 11. Nc3 Nd4
(11... Ne5 12. Nxe5 Bxe5 13. Bh6 Rd8 14. Rfe1 Bd6 15. b4 Na6 16. Re4 $16 {
Totsky,L-Grebenkin,V/Ekaterinburg 1997}) 12. Nxd4 Bxd4 13. Bh6 d6 $1 14. Bxf8
Kxf8 15. Rad1 Be5 16. Be2 Bf5 17. g3 $6 a5 $1 $15 {[%csl Ra3]
Hernandez-Kotronias, 2004}) 9. Bxc6 {White chooses the most principal
continuation. He has the following possibilities as well:} (9. Nc3 Bd7 (9...
Bg4 10. d5 Nb8 11. Be2 Nbd7 12. Be3 a6 13. Qb4 Qb8 14. h3 Bxf3 15. Bxf3 $14 {
Potkin,V-Gagarin,V/Moscow 2000}) 10. d5 Nb8 11. Be3 a6 12. Bxd7 Nbxd7 13. Qb3
Qa5 14. Bd4 b5 $13 {Morozevich,A-Anand,V/Frankfurt 2000}) (9. d5 Nb8 10. Nc3
Nbd7 11. Be3 a6 12. Be2 Ng4 13. Bd2 Nge5 14. Ne1 Nc5 15. Qc2 f5 $13 {Totsky,
L-Mochalov,E/Spasskoe 1996}) 9... bxc6 10. Qxc6 Bg4 11. Nbd2 (11. Nc3 $6 Qa5 $1
{[%csl Rf3][%cal Gg4f3,Gf8c8]}) 11... Qa5 (11... Qc8 12. Qxc8 (12. Qa4 Bxf3 13.
gxf3 Qh3 $44) 12... Rfxc8 13. Re1 Bh6 14. Nc4 $1 Bxc1 (14... Rxc4 15. Bxh6 Bxf3
16. gxf3 Rxd4 17. Rac1 $14) 15. Raxc1 d5 (15... Nxe4 16. Rxe4 Bxf3 17. gxf3 d5
18. Rxe7 Rxc4 19. Rxc4 dxc4 20. Rc7 $16) (15... Bxf3 16. gxf3 d5) 16. exd5 $2
Bxf3 17. gxf3 Nxd5 $44 {Svidler,P-Gelfand,B; Rethymno 2003}) (11... Rc8 12. Qa4
Qb6 13. Re1 Qb7 14. Qb3 Qxb3 15. Nxb3 Rc2 16. h3 Bxf3 17. gxf3 Rfc8 $44 {
Alekseev,E-Ramirez,A/Open, Santo Domingo}) (11... Qb8 12. Re1 Rc8 13. Qa4 a5
14. h3 Bd7 15. Qa3 e5 16. d5 Nh5 17. Nb1 Nf4 18. Be3 $14 {Kovalev,A-McShane,L/
Mallorca 2004}) 12. Qc2 $1 {The queen has to come home!} Qa6 13. Re1 Rfc8 14.
Qd1 Qd3 {May be more promising was} (14... Rab8 15. h3 Bd7 16. b3 Rb7 17. a4
Rbc7 18. Ba3 Nh5 $132 {even though I'm not quite sure black's got a sufficient
comensation for a pawn.}) 15. Qb3 Qa6 $2 {This move is probably the decisive
mistake. I don't want to say that black is lost after 15...Qa6, but white's
chances to win the game are pretty high after this move.} (15... Qxb3 $142 16.
Nxb3 Rc2 17. Nfd2 a5 (17... Rac8 18. f3 Bd7 19. Nf1 R2c7 20. Ne3 $14) 18. d5 (
18. f3 $6 Bd7 19. Nf1 a4 20. Nbd2 Nh5 $36) 18... Rc7 19. h3 Bd7 20. Nf3 $14 {
[%cal Gb3d4]}) 16. Ng5 $1 {[%cal Ge4e5]} Rf8 (16... e6 {[%csl Rg4]} 17. Qe3 {
[%csl Ge2][%cal Gh2h3]} h6 18. h3 Bh5 19. Ngf3 Bxf3 20. Nxf3 $16) 17. e5 $1 $16
dxe5 18. dxe5 Nd7 (18... Nh5 19. Qb4 $5 {[%cal Gb4h4]} (19. e6 f6 (19... fxe6
20. Nxe6 Rab8 21. Qc4 $16) 20. Qb4 Bf5 21. Ngf3 Rab8 22. Qc4 Qxc4 23. Nxc4 $16)
19... Bf5 20. Qh4 f6 21. Ngf3 $16) 19. e6 {Forcing an exchange of queens.} (19.
Qb4 $5) 19... fxe6 20. Nxe6 Rab8 21. Qc4 $1 Qxc4 22. Nxc4 Bxe6 {It was
necessary to get rid of the knight on e6.} (22... Rfc8 $6 23. Nxg7 Rxc4 24. b3
Rc2 25. Rxe7 Rf8 26. f3 Rf7 27. Rxf7 Kxf7 28. Bh6 $18) 23. Rxe6 Rfc8 24. Rxe7
Rxc4 25. Rxd7 {Black's defensive task is very difficult due to the weakness of
his king.} Bxb2 (25... a5 26. g3 Bxb2 27. Bxb2 Rxb2 28. Re1 Kf8 29. Ree7 Rxa2
30. Rxh7 $18) 26. Bxb2 Rxb2 27. h3 (27. Rxa7 $2 Rcc2 28. Re1 Re2 $11) 27...
Rcc2 (27... Rf4 28. Rc1 Rxa2 29. Rc8+ Rf8 30. Rxf8+ Kxf8 31. Rxh7 $16) 28. Re1
Rxf2 29. Re8+ Rf8 30. Rxf8+ Kxf8 31. Rxa7 h5 32. a4 ({It's too early for} 32.
h4 $6 {because of} Rb4 33. g3 Rb2 {[%csl Rg1] and white king is misplaced.})
32... Ra2 $6 (32... h4 $142 $1) 33. h4 $1 $18 {Now it's just over.} Ke8 (33...
Kg8 34. a5 Kf8 35. a6 Kg8 36. Kf1 Kf8 37. g3 Kg8 38. Ke1 Kf8 39. Kd1 Kg8 40.
Kc1 Kf8 41. Kb1 Ra3 42. Kb2 Ra5 43. Kb3 Ra1 44. Kb4 Rb1+ 45. Kc5 Rc1+ 46. Kd6
Ra1 47. Ke6 $18) 34. a5 Kf8 35. a6 Ke8 36. Kf1 Kd8 37. Ra8+ Kc7 38. a7 Kb6 39.
Rg8 Rxa7 40. Rxg6+ Kc5 41. Rg5+ Kd4 42. Rxh5 Ke3 43. Kg1 Kf4 44. Rg5 Rh7 45.
g3+ Kf3 46. Kh2 1-0

[Event "Corus"]
[Site "Wijk aan Zee"]
[Date "2005.01.28"]
[Round "11"]
[White "Svidler, Peter"]
[Black "Morozevich, Alexander"]
[Result "1/2-1/2"]
[WhiteElo "2735"]
[BlackElo "2741"]
[Annotator "Wedberg,T"]
[PlyCount "77"]
[EventDate "2005.01.15"]
[EventType "tourn"]
[EventRounds "13"]
[EventCountry "NED"]
[EventCategory "19"]
[SourceTitle "CBM 105"]
[Source "ChessBase"]
[SourceDate "2005.04.11"]
[SourceVersion "1"]
[SourceVersionDate "2005.04.11"]
[SourceQuality "1"]

1. e4 e5 2. Nf3 Nc6 3. Bb5 Nf6 4. O-O Nxe4 5. d4 Be7 {This line is not as
popular as the alternative} (5... Nd6) 6. Qe2 Nd6 7. Bxc6 dxc6 $5 {[%mdl 4]
This is the start of a very sharp line. Solid, but not very enterprising for
Black is} (7... bxc6 8. dxe5 Nb7) 8. dxe5 Nf5 9. Rd1 Bd7 10. e6 $5 {With this
White wants to punish Black with tactics. But the verdict on this line is not
at all clear. Because even though white wins some material, Black gets a very
active game.} fxe6 11. Ne5 Bd6 12. Qh5+ g6 13. Nxg6 Ng7 14. Qh6 Nf5 15. Qh3 Rg8
16. Qxh7 Rg7 17. Qh5 Qf6 18. Ne5+ Ke7 19. Ng4 {This position is the starting
point of this line. Black is a P down and has an inferior P-formation overall.
But he has compensation in the form of activity, development and the pair of B:
s. White's advantage - if he has any - is not very big. The last move is
important since it forces the exchange of Q:s. With Q:s on the board White
would surely be in trouble.} Qg6 (19... Qh4 20. Qxh4+ Nxh4 21. h3 e5 22. f3
Bc5+ (22... Bf5 $5) 23. Kf1 Bf5 24. Be3 Bd6 25. Rd2 e4 26. Bf2 Ng6 27. Ne3 (27.
Nc3 $14 {Khalifman}) 27... Be6 28. fxe4 Rf8 $44 {0-1 Taubenhaus,J-Pollock,W/
New York 1893/HCL (45)}) 20. Qxg6 Rxg6 21. h3 e5 22. Nd2 $5 {White wants to
bolster his threatened K-side.} (22. c4 {Khalifman} Nd4 23. c5 Nc2 24. Be3 Nxa1
25. Na3 Bxg4 26. hxg4 Rxg4 27. Rxa1 Rag8 28. g3 b6 29. cxd6+ cxd6 $13) (22. c3
$5 {suggests itself after seeing this game.}) 22... Nd4 23. c3 Nc2 $5 {Wins
back the P, but leaves the N in a very delicate position. It's difficult to
imagine that it will make any more moves in this game. At the same time it's
not all that easy for White to coordinate a defence on the K-side and to
successfully net the N.} (23... Ne2+ {was safer} 24. Kf1 Nf4 (24... Nxc1 25.
Raxc1 Bxg4 26. hxg4 Rxg4 $14) 25. Ne4 (25. Nxe5 $5 Bxe5 26. Nc4 Bd6 27. Nxd6
Nxg2 28. Nxb7 Bxh3 29. Ke2 Rf8 $13) 25... Bxg4 26. hxg4 Rxg4 27. g3 Nh5 28. Re1
Rag8 $11) 24. Rb1 Bxg4 25. hxg4 Rxg4 26. Nf1 Rf8 {[%csl Rf2][%cal Yd6c5]} (
26... Rag8 $5 27. g3 e4 28. Bd2 (28. b4) 28... Bc5 29. Kg2 Rf8 30. Rbc1 Rxf2+
31. Kh3 Rg8 32. Rxc2 Rh8+ 33. Kg4 Rg8+ 34. Kh5 Kf6 $11) 27. b4 a5 28. Rb2 {
The N survives after all.} Na3 29. Ne3 Rgf4 30. bxa5 Ra4 (30... Nb5 $5 31. Rb3
Ke6 $132 (31... Rxf2 32. a4)) 31. Rxb7 Ke6 32. Rd2 Ra8 33. Bxa3 Rxa3 34. Rb3
R3xa5 35. Rbb2 Rc5 36. Rbc2 Ra3 37. Nd1 Rd5 38. g3 Be7 39. c4 {White is a P up,
but Black is too active for him to have any real chances of activating his
position.} 1/2-1/2

[Event "Amber-blindfold 14th"]
[Site "Monte Carlo"]
[Date "2005.03.19"]
[Round "1"]
[White "Leko, Peter"]
[Black "Svidler, Peter"]
[Result "0-1"]
[WhiteElo "2749"]
[BlackElo "2735"]
[Annotator "CB"]
[PlyCount "90"]
[EventDate "2005.03.19"]
[EventType "tourn (rapid)"]
[EventRounds "11"]
[EventCountry "MNC"]
[EventCategory "20"]
[SourceTitle "CBM 105 Extra"]
[Source "ChessBase"]
[SourceDate "2005.05.01"]
[SourceVersion "1"]
[SourceVersionDate "2005.05.01"]
[SourceQuality "1"]

1. c4 Nf6 2. g3 e5 3. Bg2 c6 4. Nf3 e4 5. Nd4 d5 6. cxd5 Qxd5 7. Nc2 Qh5 8. h3
Na6 9. Nc3 Qg6 10. Ne3 Bc5 11. Qa4 b5 12. Qd1 O-O 13. O-O Rd8 14. Qc2 Nb4 15.
Qb1 Re8 16. a4 Rb8 17. b3 Nbd5 18. axb5 Bxe3 19. Nxd5 Bxf2+ 20. Rxf2 cxd5 21.
Bb2 Qxg3 22. Bxf6 gxf6 23. Rxf6 Bxh3 24. Qf1 Re5 25. Rxa7 Rg5 $4 {Black was
muc h better but slowly slipping. The last move overlooks a mate in three.} 26.
Rf2 $4 (26. Rg6+ hxg6 (26... Kh8 27. Qf6#) 27. Qxf7+ Kh8 28. Qh7#) 26... e3 27.
dxe3 Qxe3 28. Kh1 Qxa7 29. Bxh3 Rxb5 30. Qc1 Rg6 31. Rf3 Rc5 32. Qf4 Qc7 33.
Qe3 Rc1+ 34. Bf1 Qc5 35. Qxc5 Rxc5 36. Bg2 d4 37. Rf4 Rc1+ 38. Bf1 Rg3 39. b4
Rb3 40. Kg2 Rxb4 41. Kf2 Rc2 42. Rg4+ Kf8 43. Kf3 Rb1 44. Bg2 Rb3+ 45. Ke4
Rxe2+ 0-1

[Event "Amber-blindfold 14th"]
[Site "Monte Carlo"]
[Date "2005.03.22"]
[Round "4"]
[White "Svidler, Peter"]
[Black "Van Wely, Loek"]
[Result "0-1"]
[WhiteElo "2735"]
[BlackElo "2679"]
[Annotator "CB"]
[PlyCount "58"]
[EventDate "2005.03.19"]
[EventType "tourn (rapid)"]
[EventRounds "11"]
[EventCountry "MNC"]
[EventCategory "20"]
[SourceTitle "CBM 105 Extra"]
[Source "ChessBase"]
[SourceDate "2005.05.01"]
[SourceVersion "1"]
[SourceVersionDate "2005.05.01"]
[SourceQuality "1"]

1. e4 c5 2. Nf3 Nc6 3. Nc3 Nf6 4. Bb5 Qc7 5. O-O Nd4 6. Nxd4 cxd4 7. Nd5 Nxd5
8. exd5 Qc5 9. c4 a6 10. b4 Qxb4 11. Ba4 g6 12. Bb3 Bg7 13. a4 d6 14. Ba3 Qa5
15. Re1 Qd8 16. c5 O-O 17. Rc1 dxc5 18. Bxc5 Re8 19. a5 Bf5 20. Qf3 Qxa5 21.
Bxe7 $2 (21. d6 {was parhaps a better try}) 21... Qxd2 $2 (21... Bh6 {keeps
the advantage}) 22. d6 Bf8 23. g4 $2 Bxe7 24. dxe7 Qg5 25. h3 Be6 26. Rxe6 fxe6
27. Bxe6+ Kh8 28. Rc7 Rxe7 29. Qxb7 Rae8 0-1

[Event "FRA-chT Top 16 GpA"]
[Site "Noyon"]
[Date "2005.04.01"]
[Round "5"]
[White "Apicella, Manuel"]
[Black "Svidler, Peter"]
[Result "1/2-1/2"]
[WhiteElo "2543"]
[BlackElo "2735"]
[PlyCount "22"]
[EventDate "2005.03.31"]
[EventType "team"]
[EventRounds "7"]
[EventCountry "FRA"]
[SourceTitle "CBM 105 Extra"]
[Source "ChessBase"]
[SourceDate "2005.05.01"]
[SourceVersion "1"]
[SourceVersionDate "2005.05.01"]
[SourceQuality "1"]

1. d4 Nf6 2. Nf3 g6 3. Bf4 Bg7 4. e3 O-O 5. Be2 d5 6. Nbd2 c5 7. c3 b6 8. O-O
Bb7 9. h3 Nc6 10. Ne5 e6 11. b4 Nxe5 1/2-1/2